|
|
|
|
| LEADER |
01165nam a22002537a 4500 |
| 001 |
31777 |
| 003 |
BD-DhAAL |
| 005 |
20170504163043.0 |
| 008 |
170504s2017 bg ||||| |||| 00| 0 ben d |
| 999 |
|
|
|c 38112
|d 38112
|
| 020 |
|
|
|a 9789843395443
|
| 040 |
|
|
|a BD-DhAAL
|c BD-DhAAL
|
| 082 |
|
|
|2 23
|a 954.9205092
|
| 100 |
|
|
|a হোসেন, সৈয়দ আবুল
|9 21405
|e আলহাজ্ব
|
| 245 |
|
|
|a শেখ হাসিনার অক্ষয় কীর্তি :
|b পার্বত্য শান্তি চুক্তি /
|c আলহাজ্ব সৈয়দ আবুল হোসেন
|
| 260 |
|
|
|a ঢাকা :
|b এইচ পাবলিশিং,
|c ২০১৭
|
| 300 |
|
|
|a ২৬৯ পৃষ্ঠা :
|b চিত্র ;
|c ২২ সে. মি.
|
| 526 |
|
|
|a AAL
|
| 541 |
|
|
|e 31777
|
| 600 |
|
|
|a Hasina,
|d Sheikh
|9 21409
|
| 651 |
|
|
|a Bangladesh
|x Politics and government
|9 21408
|
| 852 |
|
|
|a Ayesha Abed Library
|c General Stacks
|
| 942 |
|
|
|2 ddc
|c BK
|
| 952 |
|
|
|0 0
|1 0
|2 ddc
|4 0
|6 954_920509200000000_HOS
|7 0
|9 60497
|a BRACUL
|b BRACUL
|c GEN
|d 2017-05-04
|e Complimentary
|l 1
|m 6
|o 954.9205092 HOS
|p 3010031777
|r 2024-02-03
|s 2023-12-28
|t 1
|w 2017-05-04
|y BK
|